00733nam a2200241Ia 4500003000900000005001700009008004100026040001300067040001300080041000800093100002800101245002500129250001200154260001400166260000900180300001100189300001000200490005000210490000600260942001200266999001700278952019600295IT-RoPAU20220918175659.0120407s9999 xx 000 0 und d aIT-RoPAU cIT-RoPAU aita aGiuseppe Colombo935265 aPerché la teologia aBrescia aLa Scuola c1980 a123 p. c19 cm aPercheĢ€ ,saggi sui fondamenti della cultura. v1 cBK2ddc c24822d24822 00102ddc406230_11000000000000071aPAULUSbPAULUSd2012-04-11l0o230.110r2012-04-11 00:00:00w2012-04-11yBKzInserito da: Anna In data: 14 luglio 2011 fondo: Via A.Severo 56 Progr:28958